000 00445nam a2200169Ia 4500
008 230711s9999||||xx |||||||||||||| ||und||
020 _a978-93-32902-83-1
041 _aENG
082 _a621.3822
_bSA-D
100 _aSalivahanan,S
245 0 _aDigital signal processing
250 _a3rd Ed.
260 _c2015
_aNew Delhi
_bMcGraw Hill Education(India) Private Limited
300 _a924p.
650 _aElectrical Engineering
942 _cBK
999 _c9633
_d9633